000
00269nam a2200121Ia 4500
008
190216s9999||||xx |||||||||||||| ||und||
100
_a
Charaya M U
245
0
_a
Objective Botany
260
_b
As Prakashan
_c
1998
300
_a
2001p
650
_a
Botany
942
_c
REF
999
_c
36414
_d
36414